On the wings of radio waves: (Record no. 190147)

MARC details
000 -LEADER
fixed length control field 00538nam a22001817a 4500
005 - DATE AND TIME OF LATEST TRANSACTION
control field 20220719114341.0
010 ## - LCCN (DPL NO)
LC control number ENG-133676
020 ## - INTERNATIONAL STANDARD BOOK NUMBER
Terms of availability 595.00
035 ## - SYSTEM CONTROL NUMBER
System control number EN-117208
037 ## - SOURCE OF ACQUISITION
Source of stock number/acquisition DBAD/PUB
082 ## - DEWEY DECIMAL CLASSIFICATION NUMBER
Classification number 921
100 ## - MAIN ENTRY--PERSONAL NAME
Personal name Jasdev Singh
245 ## - TITLE STATEMENT
Title On the wings of radio waves:
Statement of responsibility, etc by Jasdev Singh
Remainder of title a broadcaster's journey/
260 ## - PUBLICATION, DISTRIBUTION, ETC. (IMPRINT)
Place of publication, distribution, etc New Delhi
Name of publisher, distributor, etc Vitasta Publishing
Date of publication, distribution, etc 2022
270 ## - ADDRESS
Address 2/15,Ansari Road,Daryaganj,
City New Delhi
Postal code 110002
300 ## - PHYSICAL DESCRIPTION
Extent xxv;298p.:
Dimensions 23cm(Hb)
Other physical details ill.
942 ## - ADDED ENTRY ELEMENTS (KOHA)
Source of classification or shelving scheme Dewey Decimal Classification
Item type English Books
Classification part 921
Call number suffix JAS
Holdings
Withdrawn status Lost status Not for loan Collection code Home library Current library Date acquired Source of acquisition Cost, normal purchase price Full call number Barcode Copy number Cost, replacement price Koha item type
      Non-fiction Bawana Bawana 19/07/2022 DBAD/PUB 595.00 921 JAS EN-117208 1 595.00 English Books

© Delhi Public Library
Hit Counter
free hit counter